G1 Transformers from 1989 - Statistics

General Stats
  • This quiz has been taken 18 times
  • The average score is 12 of 58
Answer Stats
Hint Answer % Correct
Pretender Classic Bumblebee
88%
Pretender Classic Jazz
88%
Pretender Classic Starscream
88%
Pretender Classic Grimlock
75%
Micromaster Rescue Patrol Stakeout
75%
Mega Pretender Thunderwing
63%
Pretender Octopunch
38%
Micromaster Base Countdown
25%
Pretender Doubleheader
25%
Micromaster Station Greasepit
25%
Pretender Longtooth
25%
Micromaster Off Road Patrol Tote
25%
Micromaster Station Airwave
13%
Micromaster Battle Patrol Big Shot
13%
Monster Pretender Birdbrain
13%
Micromaster Sports Car Patrol Blackjack
13%
Pretender Bludgeon
13%
Monster Pretender Bristleback
13%
Mega Pretender Crossblades
13%
Micromaster Sports Car Patrol Detour
13%
Micromaster Transport Erector
13%
Micromaster Rescue Patrol Fixit
13%
Micromaster Battle Patrol Flak
13%
Micromaster Transport Flattop
13%
Micromaster Racecar Patrol Free Wheeler
13%
Micromaster Base Groundshaker
13%
Micromaster Off Road Patrol Highjump
13%
Micromaster Station Hot House
13%
Micromaster Sports Car Patrol Hyperdrive
13%
Monster Pretender Icepick
13%
Micromaster Station Ironworks
13%
Monster Pretender Monstructor
13%
Micromaster Off Road Patrol Mudslinger
13%
Micromaster Air Strike Patrol Nightflight
13%
Micromaster Transport Overload
13%
Pretender Pincher
13%
Micromaster Off Road Patrol Powertrain
13%
Micromaster Rescue Patrol Redhot
13%
Ultra Pretender Roadblock
13%
Micromaster Racecar Patrol Roadhandler
13%
Micromaster Sports Car Patrol Road Hugger
13%
Micromaster Transport Roughstuff
13%
Monster Pretender Scowl
13%
Micromaster Rescue Patrol Seawatch
13%
Micromaster Battle Patrol Sidetrack
13%
Ultra Pretender Skyhammer
13%
Micromaster Base Skyhopper
13%
Micromaster Base Skystalker
13%
Monster Pretender Slog
13%
Micromaster Air Strike Patrol Stormcloud
13%
Pretender Stranglehold
13%
Micromaster Battle Patrol Sunrunner
13%
Micromaster Racecar Patrol Swindler
13%
Micromaster Racecar Patrol Tailspin
13%
Micromaster Air Strike Patrol Tailwind
13%
Mega Pretender Vroom
13%
Micromaster Air Strike Patrol Whisper
13%
Monster Pretender Wildfly
13%
No matching quizzes found
Score Distribution
Percent of People with Each Score
Percentile by Number Answered
Your Score History
You have not taken this quiz